| 000 | 00624nam a22002177a 4500 | ||
|---|---|---|---|
| 003 | BD-ChCU | ||
| 005 | 20260513094140.0 | ||
| 008 | 260513b ii ||||| |||| 00| 0 eng | ||
| 020 | _a9781405188579 | ||
| 040 | _cBD-ChCU | ||
| 082 |
_223 660.6 B379b _a 660.6 B379b |
||
| 100 |
_aBeaumont, Andy. _922883 |
||
| 245 |
_aBiotechnology and genetics in fisheries and aquaculture / _cAndy Beaumont. |
||
| 250 | _a2ed. | ||
| 260 |
_aNew Delhi : _bWiely Blackwell, _c2010 |
||
| 300 | _a202 P. : | ||
| 504 | _aIncludes. | ||
| 650 | 0 |
_aBiotechnology ; Genetics. _922885 |
|
| 700 |
_aBoudry, Pierre. _922887 |
||
| 942 |
_2ddc _cBK _n0 |
||
| 999 |
_c112926 _d112926 |
||